000 01017nam0a22002771 4500
001 rc\3456816
005 20260407041949.0
021 _aRU
_b73-26381
021 _aRU
_bРг7978-73
035 _a(NLR Aleph) 007883993
090 _a7935746
_c7935746
100 _a20130115d1973 |||y0rusy50 ca
101 0 _arus
102 _aRU
105 _ay z |||||
200 1 _aОт съезда к съезду
_eКраткий справ. материал о работе правл. Союза художников БССР за период с янв. 1968 по янв. 1973 г.
_fСоюз художников БССР
210 _aМинск
_cБ. и.
_d1973
215 _a43 с.
_d20
225 1 _aДелегату IX съезда художников БССР
333 _aНа правах рукописи
712 0 2 _aСоюз художников БССР
_3RU\NLR\AUTH\8810014122
_9526149
801 0 _aRU
_bNLR
_gpsbo
801 1 _aRU
_bELAR
_2rusmarc
852 _aNLR
_j73-4/14568
942 _cBOOK
980 _aNB